Reglamento del Código de disciplina de las Fuerzas Armadas (Registro nro. 24015)

Detalles MARC
000 -LEADER
fixed length control field 00380 a2200121 4500
001 - CONTROL NUMBER
control field ART_31278
005 - DATE AND TIME OF LATEST TRANSACTION
control field 20260410161840.0
008 - FIXED-LENGTH DATA ELEMENTS--GENERAL INFORMATION
fixed length control field 260409a
100 1# - MAIN ENTRY--PERSONAL NAME
Personal name Furia de Torres, Lilian Alicia G.
245 10 - TITLE STATEMENT
Title Reglamento del Código de disciplina de las Fuerzas Armadas
700 1# - ADDED ENTRY--PERSONAL NAME
Personal name Torres, Ismael F.
773 0# - HOST ITEM ENTRY
Title RAP
Related parts - Año 36, Nº 422 (nov. 2013)
Record control number REV5941

No hay ítems disponibles.